000 00328nam a2200133Ia 4500
008 231129s9999||||xx |||||||||||||| ||spa||
020 _a958-9018-11-4
040 _bspa
082 _a923.2 M392e
100 _aEguí­a Marta
245 0 _aKarl Marx
264 _aCinco
942 _2ddc
_cBKS
999 _c16325
_d16325